| 000 | 00550nam a2200181 i 4500 | ||
|---|---|---|---|
| 001 | 46975 | ||
| 003 | ES-MaACL | ||
| 005 | 20230906161459.0 | ||
| 007 | t| | ||
| 008 | 030402s1973 sp ||||1| spa d | ||
| 100 | 1 |
_aConte, Michel. _940269 |
|
| 245 | 1 | 0 |
_aGastroenterología / _cM. Conte, S. Bonfils y M. Mignon ; traducción, Fernando Segura Porta. |
| 260 |
_aBarcelona : _bEspaxs, _c[1973] |
||
| 300 |
_a198 p. : _bil. ; _c26 cm. |
||
| 700 | 1 |
_aBonfils, Serge. _930156 |
|
| 700 | 1 |
_aMignon, Michel. _980991 |
|
| 852 |
_aES-MaACL _jC-53267 _bR.86349 |
||
| 999 |
_c46975 _d46975 |
||